000 02845nam a2200277 a 4500
001
003 DO-SdBNP
005 20220406082610.0
008 100406s2009dr abc 000 0 spa d
040 _aDO-SdBNP
_bspa
_cBPMSU
082 _a362.1783
_bR311i
_222
245 1 0 _aRecomendaciones, informes y documentos. /
_cprólogo Fernando Raul Morales Billini;.
260 _aSanto Domingo :
_bINCORT ;
_bRCIDT,
_c2009.
300 _av. :
_bil. ; map.; retrs.
505 0 _av. 1 :
_tPrólogo --
_tPaíses que integran el RCIDT --
_tDeclaración de Mar de Plata --
_tIntroducción --
_tRecomendaciones y documentos elaborados por el comité de la Red/Consejo Iberoamericano de Donación y Trasplante. Años 2005-2008 --
_tDatos de actividad de donación y trasplante de órganos. Años 2005-2008 --
_tDatos sobre la actividad de donación y trasplante de órganos, tejidos y células. Año 2007 --
_tGlosario de términos --
_tInformes --
_tAnexos --
505 0 _av. 2 :
_tPrólogo --
_tRecomendaciones sobre comunicación de la donación y el trasplante --
_tRecomendación REC - RCIDT - 2009 (11) sobre determinaciones serológicas en los donantes de órganos --
_tRecomendación REC - RCIDT - 2009 (12) sobre mantenimiento del donante multiorgánico --
_tRecomendación REC - RCIDT - 2009 (13) sobre financieamiento del sistena nacional de donación y trasplante de órganos --
_tRecomendación REC - RCIDT - 2010 (14) a las autoridades sanitarias de los estados miembros sobre políticas relacionadas a terapias celulares --
_tRecomendación REC - RCIDT - 2010 (15) sobre principios aplicados a la gestión de listas de espera para trasplante --
_tRecomendación REC - RCIDT - 2012 (16) sobre comunicación en donación y trasplante --
_tRecomendación REC - RCIDT - 2012 (17) sobre prácticas gerenciales para organismos de coordinación y gestión de donación y trasplante en Iberoamérica --
_tGuía/Recomendación REC - RCIDT - 2012 (18) sobre comunicación en donación y trasplante --
_tDeclaración de Quito sobre terapias celulares sin evidencia demostrada --
_tComunicación de la Red/Consejo Iberoamericano de donación y trasplante (RCIDT) a las autoridades sanitarias, profesionales de la salud y a la opinión pública en general de los estados miembros--
_tReal decreto 1723/2012 --
_tDirectiva 2010/53/UE del parlamento Europeo y del consejo --
_tAcceso a células y tejidos seguros y efectivos --
650 4 _aTrasplantes de órganos, tejidos, etc
_vInformes
650 4 _aDonación de órganos
650 4 _aAtención médica.
700 1 _aMorales Billini, Fernando Raul
_eprólogo
710 2 _aInstituto Nacional de Coordinación de Trasplante (República Dominicana)
710 2 _aConsejo Iberoamericano de Donación y Trasplante
710 1 _aRed/Consejo Iberoamericano de Donación y Trasplante
910 _aVMateo V.
942 _2ddc
_cBK
999 _c7697
_d7697